| 000 | 00382nam a2200145Ia 4500 | ||
|---|---|---|---|
| 008 | 231217s9999 xx 000 0 und d | ||
| 041 | _aEnglish | ||
| 082 | _a001.6424ORA SNO | ||
| 100 | _aSnowdon, Nick | ||
| 245 | 0 | _aOracle programming with Visual Basic | |
| 260 |
_c1999 _bNew Delhi : BPB, |
||
| 300 | _axxxiv+715 | ||
| 650 | _aOracle,programming,Visual,Basic | ||
| 942 | _cAA | ||
| 999 |
_c169776 _d169776 |
||